Physical principles of medical ultrasonics / (رقم التسجيلة. 820)

تفاصيل مارك
000 -الفاتح
حقل البيانات ثابتة الطول 01544cam a22003974a 4500
001 - رقم الضبط
رقم الضبط 13288447
003 - محدد رقم الضبط
رقم الضبط OSt
005 - وقت وتاريخ اخر تعامل مع التسجيلة
رقم الضبط 20150408113723.0
008 - عناصر البيانات ثابتة الطول - معلومات عامة
حقل البيانات ثابتة الطول 030724s2003 enka b 001 0 eng
010 ## - رقم ضبط مكتبة الكونجرس
رقم ضبط مكتبة الكونجرس 2003057609
020 ## - الرقم الدولى المعيارى للكتب
الرقم الدولى المعيارى للكتاب 0471970026 (alk. paper)
035 ## - رقم ضبط النظام
رقم ضبط النظام (DNLM)101186227
040 ## - مصدر الفهرسة
وكالة الفهرسة الأصلية DNLM/DLC
وكالة النسخ DLC
وكالة التعديل DLC
042 ## - رمز التحقق
رمز التحقق pcc
050 00 - رقم طلب مكتبة الكونجرس
رقم التصنيف R857.U48
رقم المادة P495 2003
060 10 - رقم الطلب بالمكتبة الطبية الوطنية
رقم التصنيف QT 34
رقم المادة P578 2003
082 00 - رقم تصنيف ديوى العشرى
رقم التصنيف 616.07543
رقم الطبعة 22
245 00 - بيان العنوان
العنوان Physical principles of medical ultrasonics /
بيان المسئوليه,etc edited by C.R. Hill, J.C. Bamber, G.R. ter Haar.
250 ## - بيان الطبعة
بيان الطبعة 2nd ed.
260 ## - PUBLICATION, DISTRIBUTION, ETC. (IMPRINT)
مكان الناشر او الموزع Chichester ;
-- Hoboken, N.J. :
اسم الناشر او الموزع John Wiley & Sons,
تاريخ النشر أو التوزيع c2004.
300 ## - الوصف المادى
التعداد xv, 511 p. :
تفاصيل ماديه اخرى للوعاء ill. ;
أبعاد الوعاء 25 cm.
500 ## - تبصرة عامة
تبصرة عامة Previous ed.: Chichester : Ellis Horwood ; New York : Halstead Press, 1986.
504 ## - تبصرة ببليوجرافية
تبصرة ببليوجرافية,الخ Includes bibliographical references and index.
650 #0 - المدخل الاضافى بالموضوع-مصطلح موضوعى
مصطلح موضوعي أو اسم جغرافي كعنصر مدخل Ultrasonics in medicine.
9 (RLIN) 5577
650 12 - المدخل الاضافى بالموضوع-مصطلح موضوعى
مصطلح موضوعي أو اسم جغرافي كعنصر مدخل Biophysics.
650 12 - المدخل الاضافى بالموضوع-مصطلح موضوعى
مصطلح موضوعي أو اسم جغرافي كعنصر مدخل Ultrasonics.
9 (RLIN) 5578
650 22 - المدخل الاضافى بالموضوع-مصطلح موضوعى
مصطلح موضوعي أو اسم جغرافي كعنصر مدخل Ultrasonic Therapy
التقسيم الفرعي العام methods.
9 (RLIN) 5579
650 22 - المدخل الاضافى بالموضوع-مصطلح موضوعى
مصطلح موضوعي أو اسم جغرافي كعنصر مدخل Ultrasonography
التقسيم الفرعي العام methods.
9 (RLIN) 5580
700 1# - المدخل الاضافى - اسم شخصى
الإسم الشخصى Hill, C. R.
الشكل الأكمل للاسم (Christopher Rowland),
التواريخ المصاحبة للاسم 1929-
9 (RLIN) 5581
700 1# - المدخل الاضافى - اسم شخصى
الإسم الشخصى Bamber, J. C.
الشكل الأكمل للاسم (Jeff C.)
9 (RLIN) 5582
700 1# - المدخل الاضافى - اسم شخصى
الإسم الشخصى Haar, G. ter
الشكل الأكمل للاسم (Gail)
9 (RLIN) 5583
856 42 - الوصول و الموقع الالكترونى
مواد محددة Publisher description
معرف المصدر الموحد <a href="http://www.loc.gov/catdir/description/wiley037/2003057609.html">http://www.loc.gov/catdir/description/wiley037/2003057609.html</a>
856 41 - الوصول و الموقع الالكترونى
مواد محددة Table of contents
معرف المصدر الموحد <a href="http://www.loc.gov/catdir/toc/wiley032/2003057609.html">http://www.loc.gov/catdir/toc/wiley032/2003057609.html</a>
942 ## - عناصر المدخل الإضافي( كوها)
مصدر التصنيف او مخطط الترفيف Dewey Decimal Classification
Koha [default] item type كتاب
المقتنيات
حالة الفقد نموذج السعر الفعال حالة تلف ليس للاعارة رقم الطلب تاريخ الاكتساب الموقع الحالي الباركود الفرع الرئيسي Date last seen نوع المادة فى نظام كوها مصدر التصنيف او خطة الترفيف Total Checkouts
  2013-03-10     616.07543 P H P 2011-10-26 المكتبة المركزية بالمجمعة (CL) 00049056 المكتبة المركزية بالمجمعة (CL) 2013-03-10 كتاب Dewey Decimal Classification